[Event "EU-chT Seniors"]
[Site "Rogaska Slatina"]
[Date "2012.03.30"]
[Round "4.10"]
[White "Ghijsen, Pim"]
[Black "Ahlers, Ben"]
[Result "1/2-1/2"]
[WhiteElo "2191"]
[BlackElo "2116"]
[PlyCount "47"]
[EventDate "2012.03.27"]
[EventType "team-swiss"]
[EventRounds "9"]
[EventCountry "SLO"]
[SourceTitle "CBM 147 Extra"]
[Source "ChessBase"]
[SourceDate "2012.04.24"]
[SourceVersion "1"]
[SourceVersionDate "2012.04.24"]
[SourceQuality "1"]
[WhiteTeam "Vas (Seniors)"]
[BlackTeam "Discendo Discimus (Seniors)"]
[WhiteTeamCountry "NED"]
[BlackTeamCountry "NED"]

1. d4 Nf6 2. Nf3 g6 3. Bf4 Bg7 4. h3 0-0 5. Nbd2 c5 6. c3 cxd4 7. cxd4 Nh5 8. Bxb8 Rxb8 9. e3 d6 10. Bc4 b5 11. Be2 Bb7 12. 0-0 Nf6 13. Rc1 Qb6 14. Nb3 Rfe8 15. Qc2 Rec8 16. Qd2 b4 17. Rxc8+ Rxc8 18. Rc1 Rxc1+ 19. Qxc1 Ne4 20. Qc2 e6 21. Nbd2 Nxd2 22. Nxd2 e5 23. dxe5 dxe5 24. Bf3 1/2-1/2

[Event "Hessen-ch Seniors op 07th"]
[Site "Bad Sooden-Allendorf"]
[Date "2011.05.07"]
[Round "8"]
[White "Ghijsen, Pim"]
[Black "Rueberg, Jobst"]
[Result "1/2-1/2"]
[WhiteElo "2259"]
[BlackElo "2083"]
[PlyCount "138"]
[EventDate "2011.04.30"]
[EventType "swiss"]
[EventRounds "9"]
[EventCountry "GER"]
[SourceTitle "EXT 2012"]
[Source "ChessBase"]
[SourceDate "2011.11.24"]
[SourceVersion "1"]
[SourceVersionDate "2011.11.24"]
[SourceQuality "1"]

1. d4 Nf6 2. Nf3 e6 3. Bf4 b6 4. Nbd2 Bb7 5. e3 Be7 6. h3 0-0 7. Bd3 c5 8. c3 d6 9. 0-0 Nbd7 10. Rc1 Re8 11. Bg3 Qc7 12. Re1 Rad8 13. Qe2 Qb8 14. e4 e5 15. dxe5 dxe5 16. Bc4 h6 17. Nh4 Bc6 18. Bxf7+ Kxf7 19. Qc4+ Bd5 20. exd5 Qd6 21. Qd3 Qxd5 22. Qg6+ Kf8 23. Nf5 Qf7 24. Qxf7+ Kxf7 25. Nc4 Kg6 26. Nh4+ Kf7 27. Bxe5 b5 28. Nd6+ Bxd6 29. Bxd6 Re6 30. Rxe6 Kxe6 31. Bc7 Rc8 32. Re1+ Kf7 33. Bg3 g6 34. Nf3 Rc6 35. Bf4 g5 36. Ne5+ Nxe5 37. Bxe5 Nd5 38. Rd1 Ke6 39. Bg7 h5 40. Bh6 g4 41. hxg4 hxg4 42. Bg5 Nb6 43. Kh2 Kf5 44. Be3 Nc4 45. Rd5+ Ke4 46. Rxc5 Rg6 47. Rxb5 g3+ 48. Kg1 Nxe3 49. fxe3 Rd6 50. Kf1 Rd2 51. Rb7 Rf2+ 52. Kg1 Rc2 53. Kf1 Rf2+ 54. Ke1 Rxg2 55. Kf1 Rf2+ 56. Kg1 Kxe3 57. Re7+ Kd3 58. Rb7 Rc2 59. a4 Ke3 60. b4 Kf3 61. Rf7+ Kg4 62. Rc7 Rc1+ 63. Kg2 Rc2+ 64. Kf1 g2+ 65. Kg1 Kg3 66. Rg7+ Kh3 67. a5 Rxc3 68. Rh7+ Kg3 69. Rg7+ Kh3 1/2-1/2

[Event "Hessen-ch Seniors op 07th"]
[Site "Bad Sooden-Allendorf"]
[Date "2011.05.05"]
[Round "6"]
[White "Ghijsen, Pim"]
[Black "Wuensch, Ulrich"]
[Result "1-0"]
[WhiteElo "2259"]
[BlackElo "2109"]
[PlyCount "57"]
[EventDate "2011.04.30"]
[EventType "swiss"]
[EventRounds "9"]
[EventCountry "GER"]
[SourceTitle "EXT 2012"]
[Source "ChessBase"]
[SourceDate "2011.11.24"]
[SourceVersion "1"]
[SourceVersionDate "2011.11.24"]
[SourceQuality "1"]

1. d4 Nf6 2. Nf3 e6 3. Bf4 c5 4. c3 Be7 5. h3 0-0 6. e3 d6 7. Bd3 cxd4 8. exd4 b6 9. Qe2 Bb7 10. Nbd2 Nbd7 11. 0-0 Re8 12. Bh2 Nf8 13. Rfe1 Ng6 14. Ng5 Bf8 15. Bb5 Re7 16. Nge4 Nxe4 17. Nxe4 a6 18. Ba4 b5 19. Bb3 Re8 20. Qh5 h6 21. Bg3 d5 22. Nd2 Be7 23. Nf3 Bd6 24. Bc2 Nf8 25. Ne5 Qe7 26. Re3 Nd7 27. Ng4 Bxg3 28. Nxh6+ Kf8 29. Nf5 1-0

[Event "Hessen-ch Seniors op 07th"]
[Site "Bad Sooden-Allendorf"]
[Date "2011.05.03"]
[Round "4"]
[White "Ghijsen, Pim"]
[Black "Stimpel, Franz"]
[Result "1/2-1/2"]
[WhiteElo "2259"]
[BlackElo "2025"]
[PlyCount "26"]
[EventDate "2011.04.30"]
[EventType "swiss"]
[EventRounds "9"]
[EventCountry "GER"]
[SourceTitle "EXT 2012"]
[Source "ChessBase"]
[SourceDate "2011.11.24"]
[SourceVersion "1"]
[SourceVersionDate "2011.11.24"]
[SourceQuality "1"]

1. d4 Nf6 2. Nf3 d6 3. g3 g6 4. Bg2 Bg7 5. 0-0 0-0 6. Nc3 Nbd7 7. e4 e5 8. Re1 Re8 9. d5 a5 10. b3 Nc5 11. a3 Bd7 12. Bd2 Qc8 13. Qc1 Bh3 1/2-1/2

[Event "Hessen-ch Seniors op 07th"]
[Site "Bad Sooden-Allendorf"]
[Date "2011.05.02"]
[Round "3"]
[White "Arp, Frans"]
[Black "Ghijsen, Pim"]
[Result "1/2-1/2"]
[WhiteElo "2116"]
[BlackElo "2259"]
[PlyCount "43"]
[EventDate "2011.04.30"]
[EventType "swiss"]
[EventRounds "9"]
[EventCountry "GER"]
[SourceTitle "EXT 2012"]
[Source "ChessBase"]
[SourceDate "2011.11.24"]
[SourceVersion "1"]
[SourceVersionDate "2011.11.24"]
[SourceQuality "1"]

1. e4 c5 2. Nf3 e6 3. d4 cxd4 4. Nxd4 Nf6 5. Nc3 d6 6. Bc4 Nc6 7. 0-0 Be7 8. Be3 0-0 9. Kh1 d5 10. exd5 exd5 11. Be2 h6 12. f4 Re8 13. Bg1 Bb4 14. Bf3 Bxc3 15. bxc3 Na5 16. Qd3 Nc4 17. Rae1 Rxe1 18. Rxe1 Nd6 19. Re5 Nc4 20. Re1 Nd6 21. Re5 Nc4 22. Re1 1/2-1/2

[Event "EU-chT Seniors 12th"]
[Site "Dresden"]
[Date "2010.02.16"]
[Round "7"]
[White "Pape, Manfred"]
[Black "Ghijsen, Pim"]
[Result "1-0"]
[WhiteElo "2246"]
[BlackElo "2171"]
[PlyCount "111"]
[EventDate "2010.02.10"]
[EventType "team-swiss"]
[EventRounds "9"]
[EventCountry "GER"]
[SourceTitle "CBM 134 Extra"]
[Source "ChessBase"]
[SourceDate "2010.03.03"]
[SourceVersion "1"]
[SourceVersionDate "2010.03.03"]
[SourceQuality "1"]
[WhiteTeam "Widukind (Seniors)"]
[BlackTeam "Amsterdam VAS (Seniors)"]
[WhiteTeamCountry "GER"]
[BlackTeamCountry "NED"]

1. e4 c5 2. Nc3 Nc6 3. g3 g6 4. Bg2 Bg7 5. d3 Nf6 6. Nge2 d6 7. h3 a6 8. Be3 Bd7 9. 0-0 0-0 10. f4 Rb8 11. Qd2 b5 12. g4 b4 13. Nd1 Kh8 14. Ng3 Ng8 15. Bf3 Nd4 16. Bg2 Qc8 17. c3 bxc3 18. bxc3 Nc6 19. Nf2 Qc7 20. Rac1 Qa5 21. g5 Qa3 22. Rc2 Na5 23. Qc1 Qxc1 24. Rfxc1 c4 25. d4 e6 26. h4 Ne7 27. h5 Rfc8 28. Ng4 d5 29. h6 Bf8 30. Ne5 Be8 31. exd5 Nxd5 32. Bxd5 exd5 33. f5 Ba3 34. Rf1 Kg8 35. Bf4 Rb2 36. Rxb2 Bxb2 37. Ng4 Nc6 38. Nf6+ Kh8 39. Nxd5 Rd8 40. Re1 Bd7 41. Bd2 gxf5 42. Nf6 f4 43. Nge4 Be6 44. d5 Bxd5 45. Nxd5 Rxd5 46. Bxf4 Ne5 47. Bxe5+ Rxe5 48. Rd1 Re8 49. Rd7 Rf8 50. Kf2 Kg8 51. Rc7 Bc1 52. Kf3 Rd8 53. Nf6+ Kf8 54. Nxh7+ Kg8 55. Nf6+ Kf8 56. Kg4 1-0